Código de trabajo y reglamentos de la Repúbliica Dominicana : (Record no. 40479)
[ view plain ]
| 000 -CABECERA | |
|---|---|
| campo de control de longitud fija | 00675nam a2200193 a 4500 |
| 001 - NÚMERO DE CONTROL | |
| campo de control | 000040989 |
| 005 - FECHA Y HORA DE LA ÚLTIMA TRANSACCIÓN | |
| campo de control | 20201002034530.0 |
| 008 - DATOS DE LONGITUD FIJA--INFORMACIÓN GENERAL | |
| campo de control de longitud fija | 090715s2012 dr 000 0 spa d |
| 040 ## - FUENTE DE LA CATALOGACIÓN | |
| Centro catalogador/agencia de origen | DO-SdBNP |
| Lengua de catalogación | spa |
| Centro/agencia transcriptor | BNPHU |
| 082 ## - NÚMERO DE LA CLASIFICACIÓN DECIMAL DEWEY | |
| Número de clasificación | xxx |
| Número de documento/Ítem | xx |
| 110 1# - ENTRADA PRINCIPAL--NOMBRE DE ENTIDAD CORPORATIVA | |
| Nombre de entidad corporativa o nombre de jurisdicción como elemento de entrada | República Dominicana |
| 9 (RLIN) | 447 |
| 240 10 - TÍTULO UNIFORME | |
| Título uniforme | Código de trabajo |
| 245 10 - MENCIÓN DE TÍTULO | |
| Título | Código de trabajo y reglamentos de la Repúbliica Dominicana : |
| Resto del título | ley 16-92 y dec. 258-93; modificada y actualizada / |
| Mención de responsabilidad, etc. | compilador Carlos García. |
| 250 ## - MENCIÓN DE EDICIÓN | |
| Mención de edición | 11a. ed. |
| 260 ## - PUBLICACIÓN, DISTRIBUCIÓN, ETC. | |
| Lugar de publicación, distribución, etc. | Moca, República Dominicana : |
| Nombre del editor, distribuidor, etc. | Dalis, |
| Fecha de publicación, distribución, etc. | 2012. |
| 300 ## - DESCRIPCIÓN FÍSICA | |
| Extensión | 336 p. : ; |
| Dimensiones | 15 cm. |
| 700 12 - PUNTO DE ACCESO ADICIONAL--NOMBRE DE PERSONA | |
| Nombre de persona | García, Carlos |
| Término indicativo de función/relación | comp. |
| 9 (RLIN) | 67425 |
| 700 12 - PUNTO DE ACCESO ADICIONAL--NOMBRE DE PERSONA | |
| Nombre de persona | Acosta, Juan Pablo |
| Término indicativo de función/relación | compl |
| 9 (RLIN) | 11716 |
| Estado de retiro | Estado de pérdida | No para préstamo | Código de colección | Localización permanente | Ubicación/localización actual | Ubicación en estantería | Fecha de adquisición | Número de inventario | Total de préstamos | Signatura topográfica completa | Código de barras | Fecha visto por última vez | Número de copia | Precio válido a partir de | Tipo de ítem Koha |
|---|---|---|---|---|---|---|---|---|---|---|---|---|---|---|---|
| Excluido de préstamo | Dominicana de Servicio | General | General | En catalogación | 12.09.2013 | LF1 | xxx xx | 40989-30 | 25.06.2020 | e. 3 | 25.06.2020 | Libro y Folleto Colección Dominicana de Servicio | |||
| Excluido de préstamo | Patrimonio Dominicano | Patrimonio Dominicano | Patrimonio Dominicano | En catalogación | 12.09.2013 | LF1 | xxx xx | 40989-10 | 25.06.2020 | 25.06.2020 | Libro y Folleto Colección Patrimonio Dominicano | ||||
| Excluido de préstamo | Patrimonio Dominicano | Patrimonio Dominicano | Patrimonio Dominicano | En catalogación | 12.09.2013 | LF1 | xxx xx | 40989-20 | 25.06.2020 | e. 2 | 25.06.2020 | Libro y Folleto Colección Patrimonio Dominicano |
